LEADER 01134nam a2200241 a 4500 001 000000119989 003 CaOOAMICUS 005 20100215152416.0 008 100215t2009 it 000 u ita r 020 $a978-88-348-9645-7 040 $aPUL$bita$dReb 245 00$aDiritti fondamentali europei :$bcasi e problemi di diritto costituzionale comparato /$ca cura di Alberto Vespaziani. 260 $aTorino :$bG. Giappichelli,$c©2009. 300 $aviii, 202 p. ;$c24 cm. 504 $aInclude riferimenti bibliografici ed indice. 650 4$aDiritto costituzionale$zEuropa.$0(OLS)http://pul/subject/28011 700 1 $aVespaziani, Alberto.$0(OLS)http://pul/name/51564 850 $aPUL 852 $aPUL$W1$xSL Diritto e Scienze Sociali 3$y79$m342. 24 VESAL 1$j137642$qDDC 21$B136746$CPULBib$Z2$F136746 $H112714 $82 941 1 $a9 996 $6020$a978-88-348-9645-7$9(OLS)http://pul/number/143275 996 $6245$aDiritti fondamentali europei :$bcasi e problemi di diritto costituzionale comparato$9(OLS)http://pul/title/150956 996 $6260$aTorino :$bG. Giappichelli$9(OLS)http://pul/publisher/49130 LEADER 01576nam a2200301 a 4500 001 000000133960 003 CaOOAMICUS 005 20130521121505.0 008 130521s2009 fr u000 u fre r 020 $a978-2-204-08913-5 040 $aPUL$bita 082 04$a230.01 110 2 $aCommission théologique internationale.$0(OLS)http://pul/name/23985 245 10$aÀ la recherche d'une éthique universelle :$bnouveau regard sur la loi naturelle ; suivi de: Pour lire le document "À la recherche d'une éthique universelle" /$cCommission théologique internationale ; par le fr. Serge-Thomas Bonino ; préface à l'édizione française par Mgr Roland Minnerath. 260 $aParis :$bCerf,$c2009. 300 $a180 p. ;$c22 cm 504 $aBibliografia in nota. 650 4$aTeologia morale$xStudi.$0(OLS)http://pul/subject/5138 700 1 $aBonino, Serge-Thomas,$cO.P,$d1961-$0(OLS)http://pul/name/26210 700 1 $aMinnerath, Roland.$0(OLS)http://pul/name/18196 850 $aPUL 852 $aPUL$W1$xSL Religione 3$y85$m230. 01 CTIFR 1$j154026$qDDC 21$B153577$CPULBib$Z2$F153577 $H122424 $82 941 1 $a9 996 $6020$a978-2-204-08913-5$9(OLS)http://pul/number/152732 996 $6082$a230.01$9(OLS)http://pul/classification/1840 996 $6245$aÀ la recherche d'une éthique universelle :$bnouveau regard sur la loi naturelle ; suivi de: Pour lire le document "À la recherche d'une éthique universelle"$9(OLS)http://pul/title/169349 996 $6260$aParis :$bCerf$9(OLS)http://pul/publisher/48238